• 首页
  • 本馆介绍
  • 公告通知
  • 最新文献
  • 馆藏检索
  • 电子资源
  • 读者导购
  • 参考咨询
  • 我的图书馆
  • 登录
  • 详细信息显示
  • 放入我的书架
  • 预约/预借图书
  • 作者相关作品
  • 分类相关作品
  • 丛书相关作品
  • 出版社相关作品

书目信息

  • 表格格式
  • 工作单格式
  • 卡片格式
题名:
铁血靖难
    
 
作者: 刘乐土 著
分册: 上冊  
出版信息: 北京   中国铁道出版社  2017
页数: 291页
开本: 25cm
丛书名: 中国历代风云人物
单 册:
中图分类: K827=47 , K827
科图分类:
主题词:
电子资源:
ISBN: 978-7-113-22654-1
000 00707oam2 2200253 450
001 2369846547
005 20231110123416.60
010    @a978-7-113-22654-1@dCNY45.00
100    @a20170427d2017 em y0chiy50 ea
101 0  @achi
102    @aCN@b110000
105    @aa z 000yb
200 1  @a铁血靖难@Atie xue jing nan@e明成祖@h上冊@f刘乐土著
210    @a北京@c中国铁道出版社@d2017
215    @a291页@c图@d25cm
225 2  @a中国历代风云人物
461  0 @12001 @a中国历代风云人物
517 1  @a明成祖@Aming cheng zu
600  0 @a明成祖@f1360-1424@x传记
690    @aK827=47@v5
690    @aK827@v4
701  0 @a刘乐土@Aliu le tu@4著
801  0 @aCN@b安徽时代@c20230923
905    @aBZT@dK827@e435:1
    
    铁血靖难:明成祖.上冊/刘乐土著.-北京:中国铁道出版社,2017
    291页:图;25cm.-(中国历代风云人物)
    
    
    ISBN 978-7-113-22654-1:CNY45.00
    
●
相关链接 在五车中查询图书 在当当中查询图书 在豆瓣中查询图书


正题名:铁血靖难     索取号:K827/435:1         预约/预借

序号 登录号 条形码 馆藏地/架位号 状态 备注
1 2000929831   2000929831   315书库/四031架B面2层1列/ [索取号:K827/435:1] 在馆    
2 2000929832   2000929832   315书库/四031架B面2层1列/ [索取号:K827/435:1] 在馆    
3 2000929833   2000929833   315书库/四031架B面2层1列/ [索取号:K827/435:1] 在馆    
4 2000929834   2000929834   315书库/四031架B面2层1列/ [索取号:K827/435:1] 在馆    
5 2000929835   2000929835   315书库/四031架B面2层1列/ [索取号:K827/435:1] 在馆    
6 2000929836   2000929836   315书库/四031架B面2层1列/ [索取号:K827/435:1] 在馆    
山东省滨州职业学院图书馆 欢迎您!
大连网信软件有限公司© 版权所有